| 000 | 00562nam a22002057a 4500 | ||
|---|---|---|---|
| 005 | 20231219125455.0 | ||
| 008 | 231218b |||||||| |||| 00| 0 eng d | ||
| 020 |
_a9781529740783 _c £ 44.99 |
||
| 040 | _aMAIN | ||
| 082 |
_a658.3 _bR259S(3) |
||
| 100 | _aRees, Gary, ed. | ||
| 245 | _aStrategic human resource management: An international perspective | ||
| 250 | _a3rd | ||
| 260 |
_aLondon _bSAGE Publication _c2021 |
||
| 300 | _axix, 595 | ||
| 650 | _aManagement | ||
| 650 | _aHuman Resource Management | ||
| 700 | _aSmith, Paul E, ed. | ||
| 942 | _cBK | ||
| 999 |
_c310487 _d310487 |
||